| 000 | 00805nam a2200217 i 4500 | ||
|---|---|---|---|
| 001 | 36028 | ||
| 003 | ES-MaACL | ||
| 005 | 20251005063035.0 | ||
| 007 | t| | ||
| 008 | 030214s1855 sp ||||1| spa d | ||
| 080 | _a821.133.1-22"18" | ||
| 100 | 1 |
_aAnicet Bourgeois, Auguste, _d1806-1871 _930979 |
|
| 245 | 1 | 3 |
_aLa alegría de la casa _b: comedia en tres actos y en prosa / _cpor Bourgeois y Decourcelle ; acomodada a la escena española por Cayetano Rosell e Isidoro Gil. |
| 260 |
_aMadrid : _b[s.n.], _c1855 ( _fImprenta del Colegio de Sordo-Mudos) |
||
| 300 |
_a56 p. ; _c19 cm. |
||
| 700 | 1 |
_aRosell, Cayetano, _d1817-1883 _999681 |
|
| 700 | 1 |
_aGil y Baus, Isidoro, _d1814-1866 _956736 |
|
| 700 | 1 |
_aDecourcelle, Adrien. _943182 |
|
| 852 |
_aES-MaACL _jT-732-F-5 |
||
| 999 |
_c36028 _d36028 |
||